<?xml version="1.0" encoding="UTF-8"?>
<collection xmlns="http://www.loc.gov/MARC21/slim">
  <record>
    <leader>00000nam  2200000   4500</leader>
    <controlfield tag="001">INLIS000000000013213</controlfield>
    <controlfield tag="005">20220905094445</controlfield>
    <datafield tag="035" ind1="#" ind2="#">
      <subfield code="a">0010-0822000014</subfield>
    </datafield>
    <datafield tag="245" ind1="1" ind2="#">
      <subfield code="a">Optimalisasi Pengembalian Kerugian Daerah (TALI KUDA) Inspektorat Pemerintah Kota Tarakan /</subfield>
      <subfield code="c">Abd. Azis Hasan, A.P.</subfield>
    </datafield>
    <datafield tag="100" ind1=" " ind2="#">
      <subfield code="a">HASAN,Azis Abd</subfield>
    </datafield>
    <datafield tag="250" ind1="#" ind2="#">
      <subfield code="a">1</subfield>
    </datafield>
    <datafield tag="300" ind1="#" ind2="#">
      <subfield code="a">vii,29 halaman.,lampiran :</subfield>
      <subfield code="b">ilustrasi ;</subfield>
      <subfield code="c">30 cm</subfield>
    </datafield>
    <datafield tag="260" ind1="#" ind2="#">
      <subfield code="a">Samarinda :</subfield>
      <subfield code="b">Puslatbang KDOD,</subfield>
      <subfield code="c">2020</subfield>
    </datafield>
    <datafield tag="084" ind1="#" ind2="#">
      <subfield code="a">PKN 299 2020</subfield>
    </datafield>
    <datafield tag="520" ind1="#" ind2="#">
      <subfield code="a">Laporan proyek perubahan ini menjelaskan belum maksimalnya tindak lanjut rekomendasi audit kepatuhan hasil pemeriksaan BPK/Inspektorat kota Tarakan Tahun 2006-2020 yang  nilai kerugian daerahnya cukup besar. Inovasi Optimalisasi Pengembalian Kerugian Daerah (TALI KUDA) dilakukan dengan membuat Tim Penyelesaian Kerugian Daerah (TPKD) dan Pejabat/Pegawai yang ditetapkan Gubernur/Bupat/Walikota untuk menyampaikan pertimbangan dan pendapat penyelesaian kerugian daerah (MPPKD) untuk melaksanakan Standar Operasional Prosedur (SOP) agar perrsentase Tindak Lanjut hasil pemeriksaan BPK/Inspektorat meningkat sekaligus mengenalkan Sistem Informasi Kerugian Daerah (SI KUDA) kepada stakeholder dan media online</subfield>
    </datafield>
    <datafield tag="500" ind1="#" ind2="#">
      <subfield code="a">Coach : Drs. H. Bere Ali, M.Si&#13;
Penguji : Dr. Andi Taufik, M.Si&#13;
Mentor : A. Hamid. SE</subfield>
    </datafield>
    <controlfield tag="008">220905################|##########|#|##</controlfield>
    <datafield tag="650" ind1="#" ind2="4">
      <subfield code="a">Proyek Perubahan</subfield>
    </datafield>
    <datafield tag="650" ind1="#" ind2="4">
      <subfield code="a">Kepemimpinan Nasional Tingkat II</subfield>
    </datafield>
    <datafield tag="650" ind1="#" ind2="4">
      <subfield code="a">sistem informasi</subfield>
    </datafield>
    <datafield tag="650" ind1="#" ind2="4">
      <subfield code="a">teknologi informasi</subfield>
    </datafield>
    <datafield tag="650" ind1="#" ind2="4">
      <subfield code="a">aplikasi pemerintah</subfield>
    </datafield>
    <datafield tag="650" ind1="#" ind2="4">
      <subfield code="a">audit keuangan</subfield>
    </datafield>
    <datafield tag="650" ind1="#" ind2="4">
      <subfield code="a">pemeriksaan keuangan</subfield>
    </datafield>
    <datafield tag="650" ind1="#" ind2="4">
      <subfield code="a">audit BPK</subfield>
    </datafield>
    <datafield tag="990" ind1="#" ind2="#">
      <subfield code="a">PKN/299/2020</subfield>
    </datafield>
  </record>
</collection>
